Indian art and aesthetics : (Record no. 51361)

MARC details
000 -LEADER
fixed length control field 01183nam a2200241 a 4500
005 - DATE AND TIME OF LATEST TRANSACTION
control field 20110401115638.0
010 ## - LCCN (DPL NO)
LC control number B-425061
020 ## - INTERNATIONAL STANDARD BOOK NUMBER
International Standard Book Number 8173052638
Terms of availability 1250.00
035 ## - SYSTEM CONTROL NUMBER
System control number B-425061
037 ## - SOURCE OF ACQUISITION
Source of stock number/acquisition Researchco Book Centre
082 ## - DEWEY DECIMAL CLASSIFICATION NUMBER
Classification number 709.54
245 00 - TITLE STATEMENT
Title Indian art and aesthetics :
Remainder of title endeavours in interpretation /
Statement of responsibility, etc edited by Maruti Nandan Tiwari (and) Kamal Giri
260 ## - PUBLICATION, DISTRIBUTION, ETC. (IMPRINT)
Place of publication, distribution, etc New Delhi
Name of publisher, distributor, etc Indian Art History Congress in association with Aryan Books International, New Delhi,
Date of publication, distribution, etc 2004
270 ## - ADDRESS
Address Pooja Apartments, 4B, Ansari Road, Daryaganj
City New Delhi
Postal code 110002
300 ## - PHYSICAL DESCRIPTION
Extent xii, 110 p.
Other physical details ill. (some col.)
Dimensions 28 cm(Hb)
650 #0 - SUBJECT ADDED ENTRY--TOPICAL TERM
Topical term or geographic name as entry element Art, Indic.
700 1# - ADDED ENTRY--PERSONAL NAME
Personal name Tiwari, Maruti Nandan
9 (RLIN) 26931
700 1# - ADDED ENTRY--PERSONAL NAME
Personal name Giri, Kamal
9 (RLIN) 26932
710 2# - ADDED ENTRY--CORPORATE NAME
Corporate name or jurisdiction name as entry element Indian Art History Congress.
9 (RLIN) 26933
942 ## - ADDED ENTRY ELEMENTS (KOHA)
Source of classification or shelving scheme Dewey Decimal Classification
Item type English Books
Call number suffix IND
Classification part 709.54
Holdings
Withdrawn status Lost status Not for loan Collection code Home library Current library Date acquired Source of acquisition Cost, normal purchase price Full call number Barcode Copy number Cost, replacement price Koha item type
    Not For Loan Non-fiction Central Library Central Library 09/08/2011 Researchco Book Centre/RBC-22386/2011-12/14.3.11/76/4.3.11/23.3.11 1250.00 709.54 IND B-425061 1 1250.00 English Books

© Delhi Public Library
Hit Counter
free hit counter